[Event "DSOL 04 Liga Gr-D 1st"]
[Site "Playchess.com INT"]
[Date "2020.07.10"]
[Round "3.2"]
[White "Horstmann, Benjamin"]
[Black "Roeschinger, Udo"]
[Result "0-1"]
[WhiteElo "1741"]
[BlackElo "1822"]
[PlyCount "62"]
[EventDate "2020.06.22"]
[EventType "team-tourn (rapid)"]
[EventCountry "GER"]
[SourceTitle "EXT 2021"]
[Source "ChessBase"]
[SourceDate "2020.10.23"]
[SourceVersion "1"]
[SourceVersionDate "2020.10.23"]
[SourceQuality "1"]
[WhiteTeam "Leverkusen Fideler Bauer"]
[BlackTeam "Heilsbronn"]
[WhiteTeamCountry "GER"]
[BlackTeamCountry "GER"]

1. e4 c5 2. c3 d5 3. exd5 Qxd5 4. d4 Nf6 5. Nf3 Nc6 6. Be2 cxd4 7. cxd4 e6 8. 0-0 Be7 9. Nc3 Qa5 10. Re1 0-0 11. Bg5 Rd8 12. a3 Nxd4 13. Nxd4 Qxg5 14. Qa4 Bd7 15. Qb3 Bc5 16. Nf3 Qf5 17. Rad1 Bc6 18. Qc4 Ng4 19. Rf1 Bb6 20. h3 Ne5 21. Nxe5 Qxe5 22. Qh4 Bc7 23. g3 Bb6 24. Bd3 h6 25. Rfe1 Qc5 26. Qf4 Rd4 27. Ne4 Qd5 28. Bc2 f5 29. Qxh6 fxe4 30. Qg6 e3 31. Qh7+ Kf8 0-1

[Event "Mittelfranken-chTB2a 1718"]
[Site "Mittelfranken"]
[Date "2018.04.22"]
[Round "8.5"]
[White "Roeschinger, Udo"]
[Black "Martin, Hans"]
[Result "1/2-1/2"]
[WhiteElo "1846"]
[BlackElo "1767"]
[PlyCount "27"]
[EventDate "2017.10.08"]
[EventType "team-tourn"]
[EventRounds "9"]
[EventCountry "GER"]
[SourceTitle "EXT 2022"]
[Source "ChessBase"]
[SourceDate "2021.10.06"]
[SourceVersion "1"]
[SourceVersionDate "2021.10.06"]
[SourceQuality "1"]
[WhiteTeam "Heilsbronn"]
[BlackTeam "Buechenbach/Roth II"]
[WhiteTeamCountry "GER"]
[BlackTeamCountry "GER"]

1. e4 c6 2. d4 d5 3. exd5 cxd5 4. Nf3 Nf6 5. Be2 e6 6. 0-0 Bd6 7. Bg5 Nbd7 8. Nc3 0-0 9. Nb5 Be7 10. Bf4 Ne8 11. Qd2 a6 12. Nc3 Bd6 13. Rfe1 Bxf4 14. Qxf4 1/2-1/2

[Event "Mittelfranken-chTB2a 1718"]
[Site "Mittelfranken"]
[Date "2018.04.08"]
[Round "7.5"]
[White "Dervishaj, Ramiz"]
[Black "Roeschinger, Udo"]
[Result "1-0"]
[WhiteElo "1600"]
[BlackElo "1846"]
[PlyCount "117"]
[EventDate "2017.10.08"]
[EventType "team-tourn"]
[EventRounds "9"]
[EventCountry "GER"]
[SourceTitle "EXT 2022"]
[Source "ChessBase"]
[SourceDate "2021.10.06"]
[SourceVersion "1"]
[SourceVersionDate "2021.10.06"]
[SourceQuality "1"]
[WhiteTeam "Treuchtlingen/Wet SG"]
[BlackTeam "Heilsbronn"]
[WhiteTeamCountry "GER"]
[BlackTeamCountry "GER"]

1. d4 c5 2. d5 Nf6 3. Nc3 g6 4. e4 d6 5. Nf3 Nbd7 6. Bd3 Bg7 7. Bd2 a6 8. Qe2 Ng4 9. h3 Nge5 10. 0-0 Nxd3 11. cxd3 b5 12. Rab1 Nb6 13. b3 0-0 14. Nd1 e6 15. dxe6 fxe6 16. Ba5 Rb8 17. b4 Qe7 18. Ne3 Nd7 19. Rfc1 Bb7 20. bxc5 dxc5 21. Bc7 Rbc8 22. Bg3 Nb6 23. Ng4 h6 24. Qe3 Kh7 25. Be5 Nd7 26. Bxg7 Qxg7 27. Rd1 Nf6 28. Rdc1 Nxg4 29. hxg4 Qe7 30. Rc2 Rc7 31. Rbc1 Rfc8 32. Kf1 a5 33. Ke2 Ba6 34. Rh1 Qg7 35. Ng5+ Kg8 36. Nxe6 Qd7 37. Nxc7 Qxg4+ 38. Qf3 Qxf3+ 39. Kxf3 Rxc7 40. Rxh6 Kg7 41. Rh1 Rd7 42. Ke3 c4 43. dxc4 bxc4 44. Rd2 Rc7 45. Rc1 a4 46. Rd6 Bb5 47. Rb6 Be8 48. Rc3 Bf7 49. Ra6 Be8 50. e5 Kf7 51. f4 Kg7 52. g4 Bb5 53. Rb6 Bd7 54. Rb4 Be6 55. Rxa4 Rd7 56. Raxc4 Bxc4 57. Rxc4 Rd1 58. f5 gxf5 59. gxf5 1-0

[Event "Mittelfranken-chTB2a 1718"]
[Site "Mittelfranken"]
[Date "2017.10.29"]
[Round "2.5"]
[White "Roeschinger, Udo"]
[Black "Ross, Sandra"]
[Result "1/2-1/2"]
[WhiteElo "1846"]
[BlackElo "1731"]
[PlyCount "96"]
[EventDate "2017.10.08"]
[EventType "team-tourn"]
[EventRounds "9"]
[EventCountry "GER"]
[SourceTitle "EXT 2022"]
[Source "ChessBase"]
[SourceDate "2021.10.06"]
[SourceVersion "1"]
[SourceVersionDate "2021.10.06"]
[SourceQuality "1"]
[WhiteTeam "Heilsbronn"]
[BlackTeam "Jaecklechemie SC"]
[WhiteTeamCountry "GER"]
[BlackTeamCountry "GER"]

1. e4 e5 2. Nf3 Nc6 3. Bb5 a6 4. Bxc6 dxc6 5. Nxe5 Qd4 6. Nf3 Qxe4+ 7. Qe2 Qxe2+ 8. Kxe2 Bf5 9. d3 0-0-0 10. Re1 Nf6 11. Kf1 Nd5 12. a3 Bd6 13. Bd2 Rde8 14. Nc3 Nxc3 15. Bxc3 f6 16. h3 Kd8 17. Nd2 Rxe1+ 18. Rxe1 Re8 19. Ne4 h5 20. Re2 h4 21. Nd2 Rxe2 22. Kxe2 Ke7 23. Ke3 Bc8 24. Ne4 Ke6 25. Be1 c5 26. f4 Kf5 27. Nxd6+ cxd6 28. Bxh4 g5 29. g4+ Kg6 30. fxg5 fxg5 31. Bg3 d5 32. Bc7 Bd7 33. Bd8 Bc6 34. h4 gxh4 35. Bxh4 Bd7 36. Kf4 c4 37. dxc4 dxc4 38. c3 Bc6 39. Bd8 Bg2 40. Ke5 Bf3 41. g5 Bg2 42. Kd4 Bf1 43. Kc5 Be2 44. Kb6 Bf3 45. Bf6 Bg2 46. Kc5 Bf1 47. Kd4 Be2 48. Ke3 Bf1 1/2-1/2

[Event "Mittelfranken-chTB2a 1617"]
[Site "Mittelfranken"]
[Date "2017.05.14"]
[Round "9.6"]
[White "Auth, Bernhard"]
[Black "Roeschinger, Udo"]
[Result "0-1"]
[WhiteElo "1706"]
[BlackElo "1846"]
[PlyCount "112"]
[EventDate "2016.10.23"]
[EventType "team-tourn"]
[EventRounds "9"]
[EventCountry "GER"]
[SourceTitle "EXT 2022"]
[Source "ChessBase"]
[SourceDate "2021.10.06"]
[SourceVersion "1"]
[SourceVersionDate "2021.10.06"]
[SourceQuality "1"]
[WhiteTeam "Bad Windsheim/Ansbach"]
[BlackTeam "Heilsbronn"]
[WhiteTeamCountry "GER"]
[BlackTeamCountry "GER"]

1. d4 e6 2. c4 Nf6 3. Bg5 h6 4. Bh4 d5 5. Nc3 Be7 6. Nf3 Nc6 7. e3 Ne4 8. Bxe7 Qxe7 9. Nxe4 dxe4 10. Nd2 f5 11. Be2 0-0 12. a3 a5 13. 0-0 b6 14. Qb3 Bd7 15. Rac1 Rfb8 16. Qc3 Nd8 17. Rfd1 c6 18. Nf1 b5 19. cxb5 cxb5 20. Qc5 Qxc5 21. dxc5 Be8 22. b3 Kf8 23. Ng3 Ke7 24. Rd2 Ra7 25. Bf1 Rd7 26. Rcd1 Rxd2 27. Rxd2 b4 28. a4 Rc8 29. Rc2 Rc7 30. Ne2 Nb7 31. Nd4 Rxc5 32. Bc4 Bd7 33. f3 e5 34. Ne2 exf3 35. gxf3 Be6 36. Kf2 Bxc4 37. bxc4 Nd6 38. Nc1 Rxc4 39. Rxc4 Nxc4 40. Nb3 g5 41. Ke2 Kd6 42. h3 h5 43. Kd3 Nb2+ 44. Kc2 Nxa4 45. Nxa5 Nb6 46. Kd3 g4 47. fxg4 fxg4 48. hxg4 hxg4 49. Ke4 Kc5 50. Kd3 g3 51. Nb3+ Kb5 52. Ke2 Kc4 53. Nd2+ Kc3 54. Ne4+ Kc2 55. Nxg3 b3 56. Ne4 Nc4 0-1

[Event "Mittelfranken-chTB2a 1516"]
[Site "Mittelfranken"]
[Date "2016.02.28"]
[Round "7.6"]
[White "Truempelmann, Jochen"]
[Black "Roeschinger, Udo"]
[Result "1/2-1/2"]
[WhiteElo "1873"]
[BlackElo "1828"]
[PlyCount "84"]
[EventDate "2015.10.18"]
[EventType "team-tourn"]
[EventRounds "9"]
[EventCountry "GER"]
[SourceTitle "EXT 2020"]
[Source "ChessBase"]
[SourceDate "2019.10.17"]
[SourceVersion "1"]
[SourceVersionDate "2019.10.17"]
[SourceQuality "1"]
[WhiteTeam "Cadolzburg"]
[BlackTeam "Heilsbronn"]
[WhiteTeamCountry "GER"]
[BlackTeamCountry "GER"]

1. e4 c5 2. d4 e6 3. c4 cxd4 4. Qxd4 Nc6 5. Qd1 Bc5 6. Nc3 Nge7 7. a3 0-0 8. Nf3 a6 9. b4 Ba7 10. Bf4 Ng6 11. Bd6 Qf6 12. Qd2 Re8 13. Rd1 Nce5 14. Nxe5 Nxe5 15. c5 b6 16. Na4 b5 17. Nc3 Bb7 18. Be2 Bc6 19. 0-0 Ng6 20. f4 Qd8 21. e5 Bb8 22. Bxb8 Qxb8 23. Bd3 Ne7 24. Ne4 Ra7 25. Bc2 Bxe4 26. Bxe4 g6 27. Qf2 Kg7 28. Qh4 Ng8 29. Rd3 f5 30. Bf3 Re7 31. Rfd1 Qc8 32. Rd6 a5 33. Rb6 axb4 34. axb4 Ra4 35. Rxb5 Rf7 36. Qe1 Qc7 37. Rb7 Qc8 38. Ra1 Rxa1 39. Qxa1 Ne7 40. Qa7 Nc6 41. Bxc6 Qxc6 42. Qb6 Qe4 1/2-1/2

[Event "Mittelfranken-chTB2a 1516"]
[Site "Mittelfranken"]
[Date "2015.12.06"]
[Round "4.6"]
[White "Roeschinger, Udo"]
[Black "Christ, Helmut"]
[Result "1-0"]
[WhiteElo "1828"]
[BlackElo "1665"]
[PlyCount "65"]
[EventDate "2015.10.18"]
[EventType "team-tourn"]
[EventRounds "9"]
[EventCountry "GER"]
[SourceTitle "EXT 2020"]
[Source "ChessBase"]
[SourceDate "2019.10.17"]
[SourceVersion "1"]
[SourceVersionDate "2019.10.17"]
[SourceQuality "1"]
[WhiteTeam "Heilsbronn"]
[BlackTeam "Bechhofen II"]
[WhiteTeamCountry "GER"]
[BlackTeamCountry "GER"]

1. e4 Nf6 2. Nc3 d5 3. exd5 Nxd5 4. Bc4 Nb6 5. Bb3 Nc6 6. a3 Bf5 7. Nf3 Nd4 8. Nxd4 Qxd4 9. Qe2 c6 10. d3 e6 11. Be3 Qd8 12. g4 Bg6 13. f4 Be7 14. 0-0-0 h6 15. h4 Qc7 16. Rde1 Kf8 17. Qf3 Nd5 18. Bd2 Bf6 19. Ne4 Bxe4 20. Qxe4 g6 21. h5 g5 22. fxg5 Bxg5 23. Bxg5 hxg5 24. Bxd5 cxd5 25. Qd4 Rh7 26. Qf6 Rc8 27. c3 Qe7 28. Qe5 Rc6 29. h6 Qd8 30. Ref1 Rc8 31. Qxe6 Rc6 32. Qf5 Qe7 33. Qxh7 1-0

[Event "Mittelfranken-chTB2a 1516"]
[Site "Mittelfranken"]
[Date "2015.10.18"]
[Round "1.5"]
[White "Roeschinger, Udo"]
[Black "Witt, Alfred"]
[Result "1/2-1/2"]
[WhiteElo "1828"]
[BlackElo "1875"]
[PlyCount "138"]
[EventDate "2015.10.18"]
[EventType "team-tourn"]
[EventRounds "9"]
[EventCountry "GER"]
[SourceTitle "EXT 2020"]
[Source "ChessBase"]
[SourceDate "2019.10.17"]
[SourceVersion "1"]
[SourceVersionDate "2019.10.17"]
[SourceQuality "1"]
[WhiteTeam "Heilsbronn"]
[BlackTeam "Bad Windsheim/Ansbach"]
[WhiteTeamCountry "GER"]
[BlackTeamCountry "GER"]

1. e4 e5 2. Nf3 Nc6 3. Bb5 a6 4. Bxc6 dxc6 5. Nxe5 Qd4 6. Nf3 Qxe4+ 7. Qe2 Qxe2+ 8. Kxe2 Bd6 9. Re1 Ne7 10. d3 0-0 11. h3 Bd7 12. Nc3 Rae8 13. Bd2 h6 14. Kf1 Nd5 15. a3 f5 16. Rxe8 Rxe8 17. Re1 Rxe1+ 18. Kxe1 Nf4 19. Ne2 Nxe2 20. Kxe2 c5 21. Bc3 Bc6 22. Nh4 Bd7 23. Nf3 g5 24. Ne5 Be6 25. f4 g4 26. b3 gxh3 27. gxh3 c4 28. b4 cxd3+ 29. Kxd3 Bd5 30. Bd4 Be4+ 31. Kd2 b5 32. c3 Kf8 33. Ke3 Bg2 34. h4 Ke7 35. Nd3 Ke6 36. Bg7 h5 37. Bh6 Kd5 38. Nb2 Be4 39. Bg5 c5 40. Bd8 Bf8 41. Bf6 Ke6 42. Bd8 Bg7 43. Kd2 Kd7 44. Bg5 Kc6 45. Nd3 cxb4 46. axb4 Kd5 47. Ne5 Ke6 48. Ke3 Kd5 49. Kd2 Ke6 50. Ke3 Bf8 51. Kd4 Bd6 52. Ke3 Bb8 53. Kd2 Bc7 54. Ke3 Bb6+ 55. Kd2 a5 56. bxa5 Bxa5 57. Nd3 Bb6 58. Ne5 Bg1 59. Nd3 Bd5 60. Ne5 Bb6 61. Kd3 Ba2 62. Nf3 Bb1+ 63. Kd2 Kd5 64. Nd4 Bxd4 65. cxd4 Kxd4 66. Kc1 Bd3 67. Kb2 Kc5 68. Be7+ Kc4 69. Bf6 Kd5 1/2-1/2

[Event "Mittelfranken-chTB2a 1415"]
[Site "Mittelfranken"]
[Date "2014.11.16"]
[Round "3.4"]
[White "Roeschinger, Udo"]
[Black "Tapia Egoavil, Carlos"]
[Result "0-1"]
[WhiteElo "1828"]
[BlackElo "1847"]
[PlyCount "80"]
[EventDate "2014.09.28"]
[EventType "team-tourn"]
[EventRounds "9"]
[EventCountry "GER"]
[SourceTitle "EXT 2020"]
[Source "ChessBase"]
[SourceDate "2019.10.17"]
[SourceVersion "1"]
[SourceVersionDate "2019.10.17"]
[SourceQuality "1"]
[WhiteTeam "Heilsbronn"]
[BlackTeam "Rothenburg"]
[WhiteTeamCountry "GER"]
[BlackTeamCountry "GER"]

1. c4 c5 2. Nc3 Nf6 3. g3 g6 4. Bg2 Bg7 5. d3 d6 6. Rb1 0-0 7. e4 Nc6 8. Nge2 Bd7 9. 0-0 Rb8 10. b3 a6 11. Bb2 b5 12. cxb5 axb5 13. d4 Qb6 14. d5 Ne5 15. Qc2 Rfc8 16. Nd1 c4 17. Ne3 c3 18. Bc1 b4 19. Rd1 Nfg4 20. h3 Nxe3 21. Bxe3 Qa6 22. f4 Bb5 23. Nc1 Nd7 24. Kh2 Nc5 25. Bd4 e5 26. fxe5 Bxe5 27. Bxe5 dxe5 28. Bf3 Qf6 29. Kg2 Qg5 30. Kf2 f5 31. h4 Qf6 32. exf5 gxf5 33. Re1 e4 34. Be2 Qd4+ 35. Kg2 Nd3 36. Rf1 Qxd5 37. Kh2 Rb7 38. a3 Rg7 39. axb4 Nxb4 40. Rd1 Qe5 0-1

[Event "Mittelfranken-chTB2a 1314"]
[Site "Mittelfranken"]
[Date "2014.01.26"]
[Round "5.5"]
[White "Lechler, Walter"]
[Black "Roeschinger, Udo"]
[Result "1/2-1/2"]
[WhiteElo "1561"]
[BlackElo "1828"]
[PlyCount "24"]
[EventDate "2013.10.20"]
[EventType "team-tourn"]
[EventRounds "9"]
[EventCountry "GER"]
[SourceTitle "EXT 2020"]
[Source "ChessBase"]
[SourceDate "2019.10.17"]
[SourceVersion "1"]
[SourceVersionDate "2019.10.17"]
[SourceQuality "1"]
[WhiteTeam "Dinkelsbuehl Wassertruedingen"]
[BlackTeam "Heilsbronn"]
[WhiteTeamCountry "GER"]
[BlackTeamCountry "GER"]

1. e4 d6 2. d4 g6 3. Nf3 Bg7 4. Be2 e6 5. c4 Ne7 6. d5 0-0 7. 0-0 c5 8. Na3 e5 9. Ne1 f5 10. f4 a6 11. Qc2 fxe4 12. Qxe4 Nf5 1/2-1/2

[Event "Mittelfranken-chTB2a 1314"]
[Site "Mittelfranken"]
[Date "2013.11.17"]
[Round "2.5"]
[White "Roeschinger, Udo"]
[Black "Tapia Egoavil, Carlos"]
[Result "1-0"]
[WhiteElo "1828"]
[BlackElo "1847"]
[PlyCount "101"]
[EventDate "2013.10.20"]
[EventType "team-tourn"]
[EventRounds "9"]
[EventCountry "GER"]
[SourceTitle "EXT 2020"]
[Source "ChessBase"]
[SourceDate "2019.10.17"]
[SourceVersion "1"]
[SourceVersionDate "2019.10.17"]
[SourceQuality "1"]
[WhiteTeam "Heilsbronn"]
[BlackTeam "Rothenburg"]
[WhiteTeamCountry "GER"]
[BlackTeamCountry "GER"]

1. e4 c5 2. g3 d6 3. Bg2 Nc6 4. Ne2 g6 5. 0-0 Bg7 6. d3 Bd7 7. c3 Qc8 8. Be3 Nf6 9. f3 h5 10. h4 Bh3 11. Qd2 Bxg2 12. Kxg2 Ne5 13. Na3 a6 14. d4 Ned7 15. Rab1 b5 16. b3 Qb7 17. Bf4 Rd8 18. Rbd1 0-0 19. Qe3 Kh7 20. b4 e5 21. dxe5 dxe5 22. Bg5 cxb4 23. cxb4 Rc8 24. Rd3 Rc6 25. Rfd1 Rfc8 26. Qd2 Nb6 27. Rd6 Nc4 28. Nxc4 bxc4 29. Rxc6 Rxc6 30. Bxf6 Bxf6 31. a3 Qc8 32. Nc3 Bg7 33. Qd5 Qe6 34. Qxe6 Rxe6 35. Rd7 Rc6 36. Kf2 Kg8 37. Ke2 Bf8 38. Rd8 Kg7 39. Rd7 Kg8 40. Nd5 Kg7 41. Rc7 Re6 42. Rxc4 f5 43. a4 Kh6 44. b5 axb5 45. axb5 fxe4 46. fxe4 Re8 47. Rc7 Rb8 48. b6 Bd6 49. Rc6 Bf8 50. Nf6 Bg7 51. Nd7 1-0

[Event "Mittelfranken-chTB2a 1213"]
[Site "Germany"]
[Date "2013.03.10"]
[Round "8.6"]
[White "Roeschinger, Udo"]
[Black "Schloetterer, Hermann"]
[Result "1-0"]
[WhiteElo "2015"]
[BlackElo "1933"]
[PlyCount "81"]
[EventDate "2012.10.07"]
[EventType "team-tourn"]
[EventRounds "9"]
[EventCountry "GER"]
[SourceTitle "EXT 2019"]
[Source "ChessBase"]
[SourceDate "2018.10.10"]
[SourceVersion "1"]
[SourceVersionDate "2018.10.10"]
[SourceQuality "1"]
[WhiteTeam "Heilsbronn"]
[BlackTeam "Nuernberg Zabo"]
[WhiteTeamCountry "GER"]
[BlackTeamCountry "GER"]

1. c4 Nf6 2. Nc3 g6 3. g3 Bg7 4. Bg2 e5 5. d3 0-0 6. Nf3 Nc6 7. 0-0 d6 8. e4 h6 9. Rb1 a5 10. Ne1 Ne8 11. Nc2 Ne7 12. d4 Be6 13. b3 Qc8 14. dxe5 dxe5 15. Ba3 c5 16. Na4 Qc7 17. Bxc5 Ra6 18. Na3 Bf6 19. Nb5 Qc8 20. Qd2 g5 21. Rfd1 Bg4 22. f3 Be6 23. Rbc1 Kh7 24. Rc2 Rg8 25. Qc3 Nc6 26. Rcd2 Bh3 27. Nb6 Qe6 28. Rd7 Bxg2 29. Kxg2 Nd4 30. Rxb7 g4 31. Nxd4 exd4 32. Bxd4 Rxb6 33. Rxb6 Qxb6 34. e5 Qe6 35. Qd3+ Rg6 36. exf6 gxf3+ 37. Qxf3 Nxf6 38. Rf1 Kg7 39. Bxf6+ Kh7 40. Bc3 f5 41. Qxf5 1-0

[Event "Mittelfranken-chTB2a 1213"]
[Site "Germany"]
[Date "2012.12.16"]
[Round "5.5"]
[White "Roeschinger, Udo"]
[Black "Sommer, Dieter"]
[Result "1/2-1/2"]
[WhiteElo "2015"]
[BlackElo "1690"]
[PlyCount "86"]
[EventDate "2012.10.07"]
[EventType "team-tourn"]
[EventRounds "9"]
[EventCountry "GER"]
[SourceTitle "EXT 2019"]
[Source "ChessBase"]
[SourceDate "2018.10.10"]
[SourceVersion "1"]
[SourceVersionDate "2018.10.10"]
[SourceQuality "1"]
[WhiteTeam "Heilsbronn"]
[BlackTeam "Ansbach"]
[WhiteTeamCountry "GER"]
[BlackTeamCountry "GER"]

1. e4 e5 2. Nf3 d6 3. Bc4 Be7 4. c3 Nf6 5. Qe2 0-0 6. d4 exd4 7. Nxd4 Bg4 8. f3 Bd7 9. Be3 Nc6 10. Nxc6 Bxc6 11. 0-0 Nd7 12. Na3 a6 13. Nc2 Bf6 14. Rad1 Qe7 15. Bd5 Bxd5 16. Rxd5 Rfe8 17. Rd2 Qe6 18. a3 a5 19. Qb5 b6 20. Rfd1 Nc5 21. Rd5 Qc8 22. Qc6 Nd7 23. Bd4 Ne5 24. Bxe5 Bxe5 25. a4 Rb8 26. Ne3 g6 27. b4 axb4 28. cxb4 Qb7 29. Qxb7 Rxb7 30. Nc4 Bc3 31. Rb1 Ra7 32. Rb3 Be5 33. Ra3 Bf4 34. Kf2 Rb8 35. g3 Bc1 36. Ra1 Bh6 37. Ra2 b5 38. Na5 Ra6 39. Rxb5 Rxb5 40. axb5 Rb6 41. Rc2 Rxb5 42. Rxc7 Rxb4 43. Nc4 Bf8 1/2-1/2

[Event "Mittelfranken-chTB1 1112"]
[Site "Germany"]
[Date "2012.02.26"]
[Round "7.7"]
[White "Roeschinger, Udo"]
[Black "Grimm, Pascal"]
[Result "1/2-1/2"]
[WhiteElo "1890"]
[BlackElo "1821"]
[PlyCount "43"]
[EventDate "2011.09.25"]
[EventType "team-tourn"]
[EventRounds "9"]
[EventCountry "GER"]
[SourceTitle "EXT 2018"]
[Source "ChessBase"]
[SourceDate "2017.10.13"]
[SourceVersion "1"]
[SourceVersionDate "2017.10.13"]
[SourceQuality "1"]
[WhiteTeam "Heilsbronn"]
[BlackTeam "Postbauer Heng"]
[WhiteTeamCountry "GER"]
[BlackTeamCountry "GER"]

1. c4 c5 2. Nc3 g6 3. g3 Bg7 4. Bg2 Nc6 5. d3 e6 6. e4 Nge7 7. Be3 Nd4 8. Nge2 d6 9. 0-0 0-0 10. Qd2 Nec6 11. Rad1 a6 12. Bh6 Rb8 13. Bxg7 Kxg7 14. f4 b5 15. Nxd4 Nxd4 16. cxb5 axb5 17. Ne2 Qf6 18. Rf2 Bd7 19. Rdf1 Nxe2+ 20. Qxe2 Qd4 21. Qc2 Ra8 22. b3 1/2-1/2

[Event "Mittelfranken-chTB1 1112"]
[Site "Germany"]
[Date "2012.02.05"]
[Round "6.6"]
[White "Roeschinger, Udo"]
[Black "Weiss, Michael"]
[Result "1-0"]
[WhiteElo "1857"]
[BlackElo "1875"]
[PlyCount "61"]
[EventDate "2011.09.25"]
[EventType "team-tourn"]
[EventRounds "9"]
[EventCountry "GER"]
[SourceTitle "EXT 2013"]
[Source "ChessBase"]
[SourceDate "2012.11.22"]
[SourceVersion "1"]
[SourceVersionDate "2012.11.22"]
[SourceQuality "1"]
[WhiteTeam "Heilsbronn"]
[BlackTeam "Erlangen SC II"]
[WhiteTeamCountry "GER"]
[BlackTeamCountry "GER"]

1. c4 c5 2. Nc3 b6 3. d3 g6 4. e4 Bg7 5. g3 Nc6 6. Bg2 Bb7 7. Nge2 a6 8. Be3 e5 9. Qd2 Nge7 10. 0-0 0-0 11. Bh6 Nd4 12. Bxg7 Kxg7 13. f4 d6 14. Nxd4 cxd4 15. Ne2 f5 16. Rad1 Qc7 17. b3 h5 18. Rf2 Rf7 19. Bh3 fxe4 20. dxe4 Bxe4 21. Nxd4 Qb7 22. Ne6+ Kg8 23. Qxd6 Nc6 24. Ng5 Rd8 25. Nxf7 Kxf7 26. Qe6+ Kg7 27. Rxd8 Nxd8 28. Qxe5+ Kh7 29. Rd2 Nf7 30. Qe6 Qc6 31. Qxf7+ 1-0

[Event "Mittelfranken-chTB1 1112"]
[Site "Germany"]
[Date "2012.01.15"]
[Round "5.6"]
[White "Renner, Christian"]
[Black "Roeschinger, Udo"]
[Result "1/2-1/2"]
[WhiteElo "1935"]
[BlackElo "1857"]
[PlyCount "85"]
[EventDate "2011.09.25"]
[EventType "team-tourn"]
[EventRounds "9"]
[EventCountry "GER"]
[SourceTitle "EXT 2013"]
[Source "ChessBase"]
[SourceDate "2012.11.22"]
[SourceVersion "1"]
[SourceVersionDate "2012.11.22"]
[SourceQuality "1"]
[WhiteTeam "Nuernberg NT III"]
[BlackTeam "Heilsbronn"]
[WhiteTeamCountry "GER"]
[BlackTeamCountry "GER"]

1. d4 d5 2. c4 c6 3. Nc3 Nf6 4. Nf3 e6 5. e3 Bd6 6. Qc2 Nbd7 7. Bd3 dxc4 8. Bxc4 h6 9. 0-0 b5 10. Bd3 Bb7 11. e4 Bb4 12. e5 Nd5 13. Nxd5 exd5 14. a3 Ba5 15. e6 fxe6 16. Bg6+ Kf8 17. Bf4 Bc7 18. Bg3 Bxg3 19. fxg3 Ke7 20. Nh4 Rf8 21. Rxf8 Qxf8 22. Rf1 Nf6 23. Re1 Kd7 24. Nf3 Qd6 25. Ne5+ Kc7 26. Nd3 Bc8 27. Nc5 Bd7 28. Bf7 Rf8 29. Bxe6 Re8 30. Qf5 Bxe6 31. Rxe6 Rxe6 32. Nxe6+ Kb6 33. Nxg7 Qe7 34. Ne6 Ne4 35. h3 a5 36. Kh2 b4 37. axb4 axb4 38. Qe5 h5 39. Qb8+ Ka5 40. Nc7 Ka4 41. Qa8+ Kb3 42. Qxc6 Kxb2 43. Nxd5 1/2-1/2

[Event "Mittelfranken-chTB1 1112"]
[Site "Germany"]
[Date "2011.11.20"]
[Round "3.7"]
[White "Roeschinger, Udo"]
[Black "Hein, Manfred"]
[Result "1/2-1/2"]
[WhiteElo "1857"]
[BlackElo "1937"]
[PlyCount "44"]
[EventDate "2011.09.25"]
[EventType "team-tourn"]
[EventRounds "9"]
[EventCountry "GER"]
[SourceTitle "EXT 2013"]
[Source "ChessBase"]
[SourceDate "2012.11.22"]
[SourceVersion "1"]
[SourceVersionDate "2012.11.22"]
[SourceQuality "1"]
[WhiteTeam "Heilsbronn"]
[BlackTeam "Gunzenhausen"]
[WhiteTeamCountry "GER"]
[BlackTeamCountry "GER"]

1. e4 Nf6 2. d3 e5 3. Nf3 d6 4. Be2 h6 5. Nc3 c5 6. h3 Nc6 7. Nd5 Nxd5 8. exd5 Ne7 9. c4 Ng6 10. 0-0 Be7 11. Bd2 0-0 12. Nh2 Bg5 13. Nf3 Bxd2 14. Qxd2 Nf4 15. Rfe1 g5 16. Bf1 Qf6 17. Qe3 Bf5 18. Kh2 Rae8 19. Nd2 Qd8 20. g3 Ng6 21. Bg2 Bc8 22. h4 f5 1/2-1/2

[Event "Mittelfranken-chTB1 1011"]
[Site "Germany"]
[Date "2011.02.13"]
[Round "6.2"]
[White "Reiser, Wolfgang"]
[Black "Roeschinger, Udo"]
[Result "1/2-1/2"]
[WhiteElo "2061"]
[BlackElo "1869"]
[PlyCount "59"]
[EventDate "2010.09.26"]
[EventType "team-tourn"]
[EventRounds "9"]
[EventCountry "GER"]
[SourceTitle "EXT 2012"]
[Source "ChessBase"]
[SourceDate "2011.11.24"]
[SourceVersion "1"]
[SourceVersionDate "2011.11.24"]
[SourceQuality "1"]
[WhiteTeam "Nuernberg NT III"]
[BlackTeam "Heilsbronn"]
[WhiteTeamCountry "GER"]
[BlackTeamCountry "GER"]

1. c4 c5 2. g3 Nc6 3. Bg2 g6 4. Nc3 Bg7 5. a3 e6 6. b4 cxb4 7. axb4 Nxb4 8. Ba3 Bf8 9. Nf3 Nf6 10. d4 a5 11. 0-0 b6 12. Ne5 Rb8 13. e4 Bb7 14. f4 Be7 15. g4 d6 16. g5 dxe5 17. gxf6 Qxd4+ 18. Kh1 Qxd1 19. Raxd1 Bxf6 20. Nb5 exf4 21. Nd6+ Ke7 22. Nxb7 Rxb7 23. e5 Bxe5 24. Bxb7 g5 25. Rf2 h5 26. Bb2 Bxb2 27. Rxb2 Rb8 28. Be4 Rc8 29. Rc1 Rc5 30. Bb1 1/2-1/2

[Event "Nuremberg Zabo op 12th"]
[Site "Nuremberg"]
[Date "2010.09.18"]
[Round "3"]
[White "Roeschinger, Udo"]
[Black "Lottring, Dieter"]
[Result "1/2-1/2"]
[WhiteElo "1870"]
[BlackElo "1618"]
[PlyCount "72"]
[EventDate "2010.09.17"]
[EventType "swiss"]
[EventRounds "5"]
[EventCountry "GER"]
[SourceTitle "EXT 2011"]
[Source "ChessBase"]
[SourceDate "2010.11.26"]
[SourceVersion "1"]
[SourceVersionDate "2010.11.26"]
[SourceQuality "1"]

1. e4 d6 2. d4 g6 3. Bd3 Bg7 4. c3 Nf6 5. Ne2 e5 6. 0-0 0-0 7. f3 Nbd7 8. Be3 b6 9. Qd2 Re8 10. Bh6 Bb7 11. Bxg7 Kxg7 12. d5 a5 13. Bb5 Ba6 14. Bxa6 Rxa6 15. Na3 Ra8 16. Nb5 Ng8 17. c4 Nc5 18. Nc1 Ne7 19. Nd3 Nxd3 20. Qxd3 Nc8 21. f4 Na7 22. Nc3 f6 23. Qh3 Qc8 24. Qf3 Rf8 25. Kh1 Qd7 26. Rf2 Rf7 27. g4 Raf8 28. f5 g5 29. Qe3 h6 30. a3 Ra8 31. b4 Nc8 32. Rfa2 Qe7 33. Na4 Qd7 34. Nc3 Qe7 35. Kg2 Rf8 36. Kg3 Rh8 1/2-1/2